LEADER 01610oas 2200589 a 450 001 9910146305503321 005 20251105213014.0 035 $a(OCoLC)234178350 035 $a(CONSER) 2008235768 035 $a(CKB)1000000000440385 035 $a(EXLCZ)991000000000440385 100 $a20080717a20089999 uy a 101 0 $aeng 135 $aur||||||||||| 181 $ctxt$2rdacontent 182 $cc$2rdamedia 183 $acr$2rdacarrier 200 00$aNRAO eNews 210 $a[Charlottesville, Va.] $cNational Radio Astronomy Observatory 311 08$a1945-5704 517 3 $aNational Radio Astronomy Observatory eNews 606 $aRadio astronomy$vPeriodicals 606 $aRadio telescopes$vPeriodicals 606 $aAstronomy$vObservations$vPeriodicals 606 $aAstronomy$2fast$3(OCoLC)fst00819673 606 $aRadio astronomy$2fast$3(OCoLC)fst01087196 606 $aRadio telescopes$2fast$3(OCoLC)fst01087603 608 $aObservations.$2fast 608 $aPeriodicals.$2fast 615 0$aRadio astronomy 615 0$aRadio telescopes 615 0$aAstronomy 615 7$aAstronomy. 615 7$aRadio astronomy. 615 7$aRadio telescopes. 676 $a522 712 02$aNational Radio Astronomy Observatory (U.S.) 801 0$bHUL 801 1$bHUL 801 2$bHUL 801 2$bNSD 801 2$bPUL 801 2$bOCLCQ 801 2$bOCLCF 801 2$bOCLCO 801 2$bOCLCQ 801 2$bOCLCL 801 2$bOCLCQ 906 $aJOURNAL 912 $a9910146305503321 996 $aNRAO eNews$92258704 997 $aUNINA LEADER 03377oam 2200493I 450 001 9910154614803321 005 20230808200646.0 010 $a1-351-92692-6 010 $a1-315-25206-6 024 7 $a10.4324/9781315252063 035 $a(CKB)3710000000965434 035 $a(MiAaPQ)EBC4758748 035 $a(OCoLC)965542895 035 $a(BIP)63367220 035 $a(BIP)13975709 035 $a(EXLCZ)993710000000965434 100 $a20180706e20162008 uy 0 101 0 $aeng 135 $aurcnu|||||||| 181 $2rdacontent 182 $2rdamedia 183 $2rdacarrier 200 00$aInternational drug control into the 21st century /$fedited by Hamid Ghodse 210 1$aLondon ;$aNew York :$cRoutledge,$d2016. 215 $a1 online resource (243 pages) 300 $aFirst published 2008 by Ashgate. 311 08$a0-7546-7215-8 311 08$a1-351-92693-4 320 $aIncludes bibliographical references at the end of each chapters and index. 327 $a1. Introduction -- 2. International drug control system -- 3. Legalization of internationally controlled drugs -- 4. Drugs and the importance of demand reduction -- 5. Evaluation of the effectiveness of the international drug control treaties -- 6. Money-laundering -- 7. Drug abuse and criminal justice -- 8. Preventing drug abuse in an environment of illicit drug promotion -- 9. International control of drugs : past, present and future -- 10. Freedom from pain and suffering -- 11. Overconsumption of internationally controlled drugs -- 12. Globalization and new technologies : challenges to drug law enforcement in the 21st century -- 13. Illicit drugs and economic development -- 14. Drugs, crime and violence : the microlevel impact -- 15. Integration of supply and demand reduction strategies : moving beyond a balanced approach -- 16. Alternative development and legitimate livelihoods -- 17. Internationally controlled drugs and the unregulated market. 330 $aProviding a comprehensive analysis of drug misuse, dependence and the ways in which different parts of the world have responded to these problems, this volume examines aspects of the contemporary drug problem, the related debate and the way in which society is responding to it. Various controversial issues are covered, taking into account the way in which pressure groups would like to see changes in national and/or international drug control regimes. The book is drawn from extensive studies carried out by the UN over the last 15 years; each of the themes has been examined by a group of experts and lends itself to debate. Among the many topics discussed are: the legalization of drugs, prevention, treatment, rehabilitation, the macro and micro economy, supply and demand reduction and money laundering. The book will be a valuable resource for professionals and academics in law enforcement, health, social services, behavioural sciences, pharmacy and drug regulatory agencies. 606 $aNarcotic laws 606 $aDrugs$xLaw and legislation 615 0$aNarcotic laws. 615 0$aDrugs$xLaw and legislation. 676 $a344.04/233 701 $aGhodse$b Hamid$0853608 801 0$bMiAaPQ 801 1$bMiAaPQ 801 2$bMiAaPQ 906 $aBOOK 912 $a9910154614803321 996 $aInternational drug control into the 21st century$92152689 997 $aUNINA